Change the culture, change the game: the breakthrough strategy for energizing your organization and creating accountability for results (Record no. 27027)

000 -LEADER
fixed length control field 00462nam a2200133Ia 4500
008 - FIXED-LENGTH DATA ELEMENTS--GENERAL INFORMATION
fixed length control field 230801s9999||||xx |||||||||||||| ||und||
020 ## - INTERNATIONAL STANDARD BOOK NUMBER
International Standard Book Number 9781591843610
082 ## - DEWEY DECIMAL CLASSIFICATION NUMBER
Classification number 428.4
Item number C75298
100 ## - MAIN ENTRY--PERSONAL NAME
Personal name Connors, Roger & Smith, Tom
245 #0 - TITLE STATEMENT
Title Change the culture, change the game: the breakthrough strategy for energizing your organization and creating accountability for results
260 ## - PUBLICATION, DISTRIBUTION, ETC.
Place of publication, distribution, etc. New York
Name of publisher, distributor, etc. Portfolio/Penguin
Date of publication, distribution, etc. 2011
300 ## - PHYSICAL DESCRIPTION
Extent xiv, 222 p.
942 ## - ADDED ENTRY ELEMENTS (KOHA)
Koha item type Books
Holdings
Withdrawn status Lost status Damaged status Not for loan Permanent Location Current Location Date acquired Source of acquisition Full call number Barcode Date last seen Price effective from Koha item type
        IMU Kolkata IMU Kolkata 2023-08-01 Gifted by Shailendra S Kathait (6049) 428.4 C75298 G01101 2023-08-01 2023-08-01 Books
Designed and Maintained by IMU-KC Library, Kolkata Campus © Copyright All Rights Reserved

webs counters

Powered by Koha